| 000 | 00535nam a2200169 i 4500 | ||
|---|---|---|---|
| 001 | 173420 | ||
| 003 | ES-MaACL | ||
| 005 | 20230906215233.0 | ||
| 008 | 091201s1941 pr o |||| | spa d | ||
| 080 | _a86.0(729.5)-16"19" | ||
| 100 | 1 |
_aDávila, Virgilio. _942940 |
|
| 245 | 1 | 0 |
_aPueblito de antes _b: [último tercio del siglo XIX] / _cVirgilio Dávila. |
| 250 | _a3ª ed. | ||
| 260 |
_aBayamon, Puerto Rico : _b[s.n.], _c1941 ( _fTalleres de Moreno Hijos) |
||
| 300 |
_a130 p. : _b1 fot. ; _c22 cm. |
||
| 852 |
_aES-MaACL _jC-56994 |
||
| 999 |
_c173420 _d173420 |
||